| 000 | 00000nam##2200000za#4500 |
| 001 | 9.604799 |
| 003 | CaOODSP |
| 005 | 20220901164726 |
| 007 | cr ||||||||||| |
| 008 | 150406|1997||||xxc|||||o f|0| 0 fre|d |
| 040 | |aCaOODSP|bfre |
| 043 | |an-cn--- |
| 086 | 1 |aJ3-7/1997-6F-PDF |
| 110 | 1 |aCanada.|bJustice Canada. |
| 245 | 10|aArmes à feu récupérées par la police : |h[ressource électronique]|bétude de sites multiples / |c[par] Daniel Antonowicz Consulting. |
| 260 | |aOttawa - Ontario : |bJustice Canada |c1997. |
| 490 | 1 |aRapport technique|vTR1997-6f |
| 500 | |aNon-révisé. «Centre canadien des armes à feu» |
| 590 | |a12-40-Supp|b2012-10-23 |
| 775 | 08|tFirearms recovered by police : |w(CaOODSP)9.575262 |
| 830 | #0|aRapport technique ;|vTR1997-6f|w(CaOODSP)9.502068 |
| 856 | 40|ahttp://publications.gc.ca|qPDF|s91 Ko|uhttps://publications.gc.ca/collections/collection_2012/jus/J3-7-1997-6-fra.pdf|yTR1997-6f |